000 00620nam a2200193 a 4500
001 BRCA_1132
005 20190320203308.0
008 760615s1965 mx-a---###---#000-0#spa-#
020 _a9685829357
050 4 _aND253
_b.T68 1965
100 1 _aToussaint, Manuel
_d1890-1955
_93733
245 1 0 _aPintura colonial en México
_cManuel Toussaint.
250 _a3
260 _aMéxico
_bUNAM, Instituto de Investigaciones Estéticas
_c1990
300 _av, 414 p.
_bil.
_c29 cm.
500 _aIncluye índice de nombres alfabéticos e índice de ilustraciones
650 1 4 _aPintura mexicana
_xHistoria
_92356
942 _2lcc
_cB
999 _c1010
_d1010